Allemand - Vocabulaire - Statistiques

Statistiques générales
  • Ce quiz a été pris 7 fois
  • Le résultat moyen est 5 sur 28
Statistiques - réponses
Français Allemand % Correct
le symbole das Symbol
71%
le rêve der Traum
71%
vouloir wollen
71%
la critique die Kritik
57%
influencer beeinflussen
29%
le chevalier der Ritter
29%
l'art die Kunst
29%
la source die Quelle
29%
l'engagement das Engagement
14%
le Moyen-Âge das Mittelalter
14%
l'influence der Einfluss
14%
l'écrivain der Schriftsteller
14%
la résistance der Widerstand
14%
l'écrivaine die Schriftstellerin
14%
la censure die Zensur
14%
engagé engagiert
14%
grâce à dank dir
0%
le prestige das Prestige
0%
Le misanthrope der Menschenfeind
0%
la gloire der Ruhm
0%
L'anéantissement des Juifs die Judenvernichtung
0%
la masse die Masse
0%
La misanthrope die Menschenfeindin
0%
la préférence die Vorliebe
0%
valoir gelten
0%
consister (à quelque chose) (in etwas) bestehen
0%
rêver (de quelque chose / quelqu'un) (von etwas/jemanden) träumen
0%
à cause de wegen dir
0%
Aucun quiz correspondant
Distribution des résultats
% des personnes avec chaque résultat
Percentile par nombre de réponses
Votre historique - résultats
Vous n’avez pas pris ce quiz